| 000 | 00982nam0a22002771 4500 | ||
|---|---|---|---|
| 001 | rc\4144205 | ||
| 005 | 20250611003954.0 | ||
| 021 |
_aRU _b[55-18516] |
||
| 035 | _a(NLR Aleph) 007989944 | ||
| 090 |
_a8573241 _c8573241 |
||
| 100 | _a20130415d1954 |||y0rusy50 ca | ||
| 101 | 1 |
_arus _ctgk |
|
| 102 | _aRU | ||
| 105 | _ay z |||a| | ||
| 200 | 1 |
_aИзбранное _e[Стихи _fПер. А. Адалис _gСост. и вступ. статья, с. 5-21, А. Мирзоева] |
|
| 210 |
_aСталинабад _cТаджикгосиздат _d1954 |
||
| 215 |
_a99 с. _d18 |
||
| 225 | 1 | _aКлассики таджикской литературы | |
| 700 | 1 |
_aСайидо _bН. _f1638-1708 _gНасафи |
|
| 702 | 1 |
_4730 _7ca _8rus _aАдалис _bА. _f1900-1969 _gАделина _9254432 _3RU\NLR\AUTH\770254488 |
|
| 702 | 1 |
_aМирзоев _bА. _4220 _4080 |
|
| 801 | 0 |
_aRU _bNLR _gpsbo |
|
| 801 | 1 |
_aRU _bELAR _2rusmarc |
|
| 852 |
_aNLR _jЛ40 Г-2/1077 |
||
| 942 | _cBOOK | ||
| 980 | _aNB | ||